<?xml version="1.0" encoding="UTF-8"?>
<collection xmlns="http://www.loc.gov/MARC21/slim">
<record>
  <controlfield tag="001">136358</controlfield>
  <controlfield tag="005">20240731105612.0</controlfield>
  <datafield tag="024" ind1="8" ind2=" ">
    <subfield code="2">sideral</subfield>
    <subfield code="a">139291</subfield>
  </datafield>
  <datafield tag="037" ind1=" " ind2=" ">
    <subfield code="a">ART-2014-139291</subfield>
  </datafield>
  <datafield tag="041" ind1=" " ind2=" ">
    <subfield code="a">spa</subfield>
  </datafield>
  <datafield tag="100" ind1=" " ind2=" ">
    <subfield code="a">Gelpi, Paula</subfield>
  </datafield>
  <datafield tag="245" ind1=" " ind2=" ">
    <subfield code="a">La educación emocional a través de las prácticas motrices de expresión. Perspectiva de género</subfield>
  </datafield>
  <datafield tag="260" ind1=" " ind2=" ">
    <subfield code="c">2014</subfield>
  </datafield>
  <datafield tag="520" ind1="3" ind2=" ">
    <subfield code="a">Esta investigación en Educación Física, analiza el tipo de emociones que suscitan las prácticas de expresión motriz (PME) de carácter cooperativo y psicomotor, según la clasificación de Parlebas. La vivencia emocional se analiza además en base al género y a la sede (localización geográfica) donde se desarrolló el estudio.Se aplicó el cuestionario GES (GamesEmotionalScale) sobre conciencia emocional, a 172 estudiantes (61 mujeres y 111 hombres) de primer curso de Ciencias de la Actividad física y el Deporte y de la diplomatura de Maestro en Educación Física de la Universidad de Barcelona y la Universidad de Zaragoza (sedes de Huesca y Zaragoza). El análisis de los datos mediante ecuaciones de estimación generalizadas mostró que las PME activaron en el alumnado valores elevados de emociones positivas. El dominio de cooperación originó emociones positivas más intensas que el psicomotor. No se encontraron diferencias significativas en la intensidad emocional entre hombres y mujeres, lo que contradice la creencia popular y determinada literatura que atribuye a la mujer una mayor emocionalidad. No se encontraron diferencias significativas entre sedes, aunque sí en alguna interacción al relacionar sedes con tipos de emoción y con tipo de dominio. En definitiva esta investigación confirma el papel destacado de las PME para generar experiencias positivas orientadas hacia la promoción del bienestar del alumnado.</subfield>
  </datafield>
  <datafield tag="506" ind1="0" ind2=" ">
    <subfield code="a">Access copy available to the general public</subfield>
    <subfield code="f">Unrestricted</subfield>
  </datafield>
  <datafield tag="536" ind1=" " ind2=" ">
    <subfield code="9">info:eu-repo/grantAgreement/ES/MICINN/DEP2010-21626-C03-01</subfield>
  </datafield>
  <datafield tag="540" ind1=" " ind2=" ">
    <subfield code="9">info:eu-repo/semantics/openAccess</subfield>
    <subfield code="a">by-nc-nd</subfield>
    <subfield code="u">http://creativecommons.org/licenses/by-nc-nd/3.0/es/</subfield>
  </datafield>
  <datafield tag="655" ind1=" " ind2="4">
    <subfield code="a">info:eu-repo/semantics/article</subfield>
    <subfield code="v">info:eu-repo/semantics/publishedVersion</subfield>
  </datafield>
  <datafield tag="700" ind1=" " ind2=" ">
    <subfield code="a">Romero-Martín, María Rosario</subfield>
    <subfield code="u">Universidad de Zaragoza</subfield>
    <subfield code="0">(orcid)0000-0002-5019-4574</subfield>
  </datafield>
  <datafield tag="700" ind1=" " ind2=" ">
    <subfield code="a">Mateu, Mercé</subfield>
  </datafield>
  <datafield tag="700" ind1=" " ind2=" ">
    <subfield code="a">Rovira, Glòria</subfield>
  </datafield>
  <datafield tag="700" ind1=" " ind2=" ">
    <subfield code="a">Lavega, P</subfield>
  </datafield>
  <datafield tag="710" ind1="2" ind2=" ">
    <subfield code="1">3001</subfield>
    <subfield code="2">187</subfield>
    <subfield code="a">Universidad de Zaragoza</subfield>
    <subfield code="b">Dpto. Expres.Music.Plást.Corp.</subfield>
    <subfield code="c">Área Didáctica Expres.Corporal</subfield>
  </datafield>
  <datafield tag="773" ind1=" " ind2=" ">
    <subfield code="g">32, 2 (2014), 49-70</subfield>
    <subfield code="p">Educ. siglo XXI</subfield>
    <subfield code="t">Educatio siglo XXI</subfield>
    <subfield code="x">1699-2105</subfield>
  </datafield>
  <datafield tag="856" ind1="4" ind2=" ">
    <subfield code="s">885296</subfield>
    <subfield code="u">http://zaguan.unizar.es/record/136358/files/texto_completo.pdf</subfield>
    <subfield code="y">Versión publicada</subfield>
  </datafield>
  <datafield tag="856" ind1="4" ind2=" ">
    <subfield code="s">1386488</subfield>
    <subfield code="u">http://zaguan.unizar.es/record/136358/files/texto_completo.jpg?subformat=icon</subfield>
    <subfield code="x">icon</subfield>
    <subfield code="y">Versión publicada</subfield>
  </datafield>
  <datafield tag="909" ind1="C" ind2="O">
    <subfield code="o">oai:zaguan.unizar.es:136358</subfield>
    <subfield code="p">articulos</subfield>
    <subfield code="p">driver</subfield>
  </datafield>
  <datafield tag="951" ind1=" " ind2=" ">
    <subfield code="a">2024-07-31-09:23:39</subfield>
  </datafield>
  <datafield tag="980" ind1=" " ind2=" ">
    <subfield code="a">ARTICLE</subfield>
  </datafield>
</record>
</collection>